000 01757nam a2200301 4500
003 BOFEUTO
005 20260512114151.0
008 260504t2023 bo a gr 001 | spa d
040 _6BOFEUTO
_aBOFEUTO
_cBOFEUTO
041 _aspa
044 _abo
082 _aTE6284
_bC683p
100 _aColque Churata, Victor Hugo
_eautor
245 _aPlan de negocios para la creación de una empresa coordinadora integral de comercio exterior (FORWARDER), en la ciudad de Oruro /
_cVictor Hugo Colque Churata, Douglas Guzmán Gutiérrez
260 _aOruro :
_bs/n,
_c2023.
300 _a150 hojas ;
_btabl., gráf. ;
_c28.5 cm.
500 _aIncluye bibliografía, anexos.
502 _aTesis Dirigida - Plan de Negocios, (Licenciatura) -- Universidad Técnica de Oruro, Facultad de Ciencias Económicas, Financieras y Administrativas, Carrera Administración de Empresas, 2023.
520 _aEl presente plan de negocios propone la creación de una Empresa Coordinadora Integral de Comercio Exterior (Forwarder) en la ciudad de Oruro, orientada a brindar soluciones logísticas integrales para operaciones de importación y exportación. La iniciativa surge como respuesta a la creciente necesidad de las empresas locales y regionales - especialmente de los sectores minero, comercial, industrial y productivo - de contar con un aliado estratégico que optimice tiempos, costos y procesos en la gestión del comercio exterior, en un contexto de mercados cada vez más competitivos y regulados.
650 _aAdministración
653 _aNegocio
653 _aAnálisis de mercado
653 _aAnálisis FODA
653 _aAnálisis 5 fuerzas de Porter
700 _aGuzmán Gutiérrez, Douglas
_etutor
942 _2ddc
_cTE
_n0
942 _n0
_2ddc
999 _c16139
_d16139